000
00447nam a2200145Ia 4500
008
100122s9999 xx 000 0 und d
082
_b
10776
_a
613
100
_a
कुकडे
245
_a
आपले आरोग्य भाग - 2
260
_b
धनंजय भिसे
_c
1932
300
_a
204
630
_a
आपले आरोग्य भाग - 2
730
_a
आपले आरोग्य भाग - 2
942
_c
BOOK
999
_c
402367
_d
402364